000 00624cam a2200205 4500500
005 20260405002202.0
041 _afre
042 _adc
245 0 0 _aChatBot le robot. Drame philosophique en quatre questions et cinq actes
260 _c2016.
500 _a1
690 _aDenis Vidal
690 _aEmpathie
690 _aLuisa Damiano
690 _aPascal Chabot
690 _aPaul Dumouchel
690 _aRobot
786 0 _nPhilosophie magazine | 97 | 3 | 2016-03-01 | p. 66-69 | 1951-1787
856 4 1 _uhttps://shs.cairn.info/magazine-philosophie-magazine-2016-3-page-66?lang=fr&redirect-ssocas=7080
999 _c2055152
_d2055152